000
00260nam a2200121Ia 4500
100
_a
Datta/ S.K.
942
_c
BK
654
_a
power
245
_a
Power electronics & control
260
_b
prentice hall
_a
New Delhi
_c
1991
300
_a
196
546
_a
ENGLISH
999
_c
33563
_d
33563